| 000 | 00667nam a2200229 i 4500 | ||
|---|---|---|---|
| 001 | 104906 | ||
| 003 | ES-MaACL | ||
| 005 | 20230906183724.0 | ||
| 007 | t| | ||
| 008 | 060523s1938 fr ||||1| fre d | ||
| 080 | _a821.133.1-23"19" | ||
| 100 | 1 |
_aBaty, Gaston. _926497 |
|
| 245 | 1 | 0 |
_aDulcinée _b: tragi-comédie en deux parties at neuf tableaux / _cGaston Baty. |
| 260 |
_aParis : _bCoutan-Lambert, _c[1938] |
||
| 300 |
_a153 p. ; _c21 cm. |
||
| 490 | 1 | _aMasques | |
| 500 | _aBiblioteca Jacinto Martínez Lacalle. | ||
| 830 | 0 |
_aMasques _9232663 |
|
| 852 |
_aES-MaACL _jE-11229 _bR _9R.138913 _cDEPO2 |
||
| 942 | _2udc | ||
| 999 |
_c104906 _d104906 |
||